The sex contract : the evolution of human behavior /

Bibliographic Details
Main Author: Fisher, Helen E.
Format: Book
Language:English
Published: New York : W. Morrow, 1982.
Edition:1st ed.
Subjects:

MARC

Tag First Indicator Second Indicator Subfields
LEADER 00000pam a2200000 a 4500
001 in00000077284
005 20151008060618.0
008 810702s1982 nyua b 00110 eng
010 |a  81011120  
020 |a 068800640X 
035 |a (OCoLC)07614714 
035 |9 AAJ6153AM 
039 0 |a 2  |b 3  |c 3  |d 3  |e 3 
040 |a DLC  |c DLC  |d TXA  |d UtOrBLW 
049 |a TXAM  |c [1362156] 
050 0 0 |a GN281.4  |b .F57 
082 0 |a 156/.5  |2 19 
100 1 |a Fisher, Helen E. 
245 1 4 |a The sex contract :  |b the evolution of human behavior /  |c Helen E. Fisher. 
250 |a 1st ed. 
264 1 |a New York :  |b W. Morrow,  |c 1982. 
300 |a 253 pages :  |b illustrations ;  |c 25 cm. 
336 |a text  |b txt  |2 rdacontent 
337 |a unmediated  |b n  |2 rdamedia 
338 |a volume  |b nc  |2 rdacarrier 
500 |a Includes index. 
504 |a Bibliography: pages 233-240. 
650 0 |a Sex. 
650 0 |a Social evolution. 
650 0 |a Human evolution. 
999 |a MARS 
999 f f |s af0739a8-83b0-3f6f-b631-ff4900fd8777  |i 1673e60e-1fe1-36b7-8bba-dd6cd2c7a765  |t 0 
952 f f |p normal  |a Texas A&M University  |b College Station  |c Sterling C. Evans Library  |d Evans: Library Stacks  |t 0  |e GN281.4 .F57  |h Library of Congress classification  |i unmediated -- volume  |m A14806114163 
998 f f |a GN281.4 .F57  |t 0  |l Evans: Library Stacks